A sermon preach'd at New-London, Sunday the 21st of February, anno domini, 1741,2 : Published at the desire of some who heard it. /

Bibliographic Details
Main Author: Seabury, Samuel, 1706-1764
Format: eBook
Language:English
Series:Early American imprints. Evans (1639-1800) ; no. 5051.
Subjects:
Online Access:Evans Digital Edition

MARC

Tag First Indicator Second Indicator Subfields
LEADER 00000cam a22000001a 4500
001 in00002157751
006 m e d #
007 cr mn mmmmabba
008 850416s1742 ctu s 000 0 eng d
005 20260331162657.4
035 |z w015669 
035 |a MAAR8504163903B 
035 |9 mwa91-7919 
035 |a 328129 
035 |a aas03015669 
040 |a MWA  |c MWA  |e bdrb  |d UtOrBLW 
100 1 |a Seabury, Samuel,  |d 1706-1764. 
245 1 2 |a A sermon preach'd at New-London, Sunday the 21st of February, anno domini, 1741,2 :  |b Published at the desire of some who heard it. /  |c By Samuel Seabury, missionary from the Society for Propagating the Gospel in Foreign Parts. 
264 3 |a N. London [i.e., New London, Conn.] :  |b Printed and sold by T. Green,  |c 1742. 
300 |a 4 unnumbered pages, 22 pages, 2 unnumbered pages ;  |c 17 cm. (1sexto) 
336 |a text  |b txt  |2 rdacontent 
337 |a computer  |b c  |2 rdamedia 
338 |a online resource  |b cr  |2 rdacarrier 
500 |a Half-title: Mr. Seabury's sermon. 
510 4 |a Evans  |c 5051 
510 4 |a Trumbull, J.H. Connecticut,  |c 1337 
510 4 |a Johnson, H.A. New London,  |c 413 
530 |a Microform version available in the Readex Early American Imprints series. 
533 |a Electronic text and image data.  |b [Chester, Vt. :  |c Readex, a division of Newsbank, Inc.,  |d 2002-2004.  |e Includes files in TIFF, GIF and PDF formats with inclusion of keyword searchable text.  |f (Early American imprints. First series ; no. 5051). 
500 |a Electronic resource. 
655 7 |a Sermons  |y 1742.  |2 rbgenr 
752 |a United States  |b Connecticut  |d New London. 
830 0 |a Early American imprints.  |n Series I,  |p Evans (1639-1800) ;  |v no. 5051. 
856 4 1 |u http://proxy.library.tamu.edu/login?url=https://opac.newsbank.com/select/evans/5051  |y Evans Digital Edition  |t 0 
999 |a MARS 
999 f f |s b8981d8a-bfa8-3a09-a0c4-e68f4fc6da26  |i baa1db0e-7def-3b1e-a7e7-5ea8132bc834  |t 0 
952 f f |a Texas A&M University  |b College Station  |c Electronic Resources  |s www_evans  |d Available Online  |t 0  |h No information provided 
998 f f |t 0  |l Available Online